000 00344nam a2200109Ia 4500
008 190216s9999||||xx |||||||||||||| ||und||
100 _aChoudhary.B
245 0 _aIntroduction To Budgetory Control Standard Costing Material Control And Porduction Control
260 _bThe Institute Of Cost & Works Accountans
_c1987
300 _a100p
942 _cBK
999 _c4516
_d4516